[Event "Coppa del Mondo FIDE 2025"]
[Site "Goa"]
[Date "13.11.2025"]
[Round "3E"]
[White "Sevian, Samuel"]
[Black "Lodici, Lorenzo"]
[Result "1-0"]
[WhiteElo "2698"]
[BlackElo "2560"]
[EventDate "2025.11.01"]
[EventType "k.o."]

1. e4 e5 2. Nf3 Nc6 3. Bb5 a6 4. Ba4 Nf6 5. d3 b5 6. Bb3 Bc5 7. c3 d6 8.
O-O Bb6 9. Re1 h6 10. a4 Rb8 11. Na3 b4 12. Nc4 Ba7 13. a5 O-O 14. h3 Be6
15. d4 exd4 16. cxd4 d5 17. Nce5 Ne7 18. exd5 Nfxd5 19. Qd3 Qd6 20. Nc4 Qd8
21. Rxe6 fxe6 22. Nce5 Qd6 23. Bd2 c5 24. Re1 Rbd8 25. Bc2 Nf6 26. Bf4 c4
27. Qxc4 Ned5 28. Bg3 Rc8 29. Qd3 b3 30. Bxb3 Qb4 31. Nc4 Bxd4 32. Bd6 Bc5
33. Bxf8 Rxf8 34. Rxe6 Nf4 35. Qf5 N6d5 36. Qc2 Nxe6 37. Nce5 Ndf4 38. g3
Nxh3+ 39. Kg2 Ng5 40. Nxg5 Rxf2+ 41. Qxf2 Bxf2 42. Bxe6+ Kf8 43. Nh7+ Ke8
44. Bd7+ Ke7 45. Nc6+ Kxd7 46. Nxb4 Be1 47. Nxa6 Bxa5 48. Nf8+ Kc6 49. b4
Bd8 50. g4 Kb5 51. Nc5 Kxb4 52. Nce6 Bf6 53. Kf3 Kc3 54. Ke4 Kd2 55. Ng6
Ke2 56. Ngf4+ Kf2 57. Nh5 Bb2 58. Nexg7 Kg2 59. Kf5 Kh3 60. Ne6 Kh4 61. Nd8
Bc1 62. Nf7 Be3 63. Ne5 Bc1 64. Nf4 Bb2 65. Nf7 Bg7 66. Ne6 Bc3 67. Nxh6
Bd2 68. Nf7 Kg3 69. Ne5 Be3 70. Nd3 Bh6 71. Ndf4 Kh4 72. Nh5 Bc1 73. Nef4
Bd2 74. g5 Bc3 75. g6 Bh8 76. Nf6 Kg3 77. Ne6 Kh4 78. Nf4 Bg7 79. N4d5 Bh8
80. Nc7 Bg7 81. Nce8 Bh8 82. Kf4 Kh3 83. Kg5 Kg3 84. Nh5+ Kf3 85. Nef6 Ke3
86. Kh6 1-0

[Event "Coppa del Mondo FIDE 2025"]
[Site "Goa"]
[Date "13.11.2025"]
[Round "3F"]
[White "Keymer, Vincent"]
[Black "Esipenko, Andrey"]
[Result "0-1"]
[WhiteElo "2755"]
[BlackElo "2693"]
[EventDate "2025.11.01"]
[EventType "k.o."]

1. Nf3 d5 2. g3 Nf6 3. Bg2 e6 4. O-O Be7 5. d3 O-O 6. Nc3 c5 7. e4 Nc6 8.
a4 d4 9. Nb1 b6 10. Na3 Bb7 11. Bf4 a6 12. h4 h6 13. Qe2 Re8 14. c4 dxc3
15. bxc3 Na5 16. c4 Nd7 17. e5 Nf8 18. Rfb1 Qc7 19. Nc2 Rad8 20. Bd2 Nc6
21. Bc3 a5 22. Na3 Nb4 23. Nb5 Qd7 24. Rd1 Bc6 25. d4 cxd4 26. Rxd4 Qb7 27.
Rg4 h5 28. Rd4 Bc5 29. Nd6 Bxd6 30. Rxd6 Rxd6 31. exd6 f6 32. Ne1 Bxg2 33.
Nxg2 Rd8 34. Nf4 Rxd6 35. Rb1 Qd7 36. Qxh5 Qxa4 37. Qg4 Qc2 38. Rxb4 axb4
39. Bxf6 Qd1+ 0-1

[Event "Coppa del Mondo FIDE 2025"]
[Site "Goa"]
[Date "13.11.2025"]
[Round "3F"]
[White "Maghsoodloo, Parham"]
[Black "Wei, Yi"]
[Result "1/2-1/2"]
[WhiteElo "2697"]
[BlackElo "2754"]
[EventDate "2025.11.01"]
[EventType "k.o."]

1. c4 e6 2. Nc3 c5 3. Nf3 Nf6 4. g3 d5 5. cxd5 exd5 6. d4 Nc6 7. Bg2 cxd4
8. Nxd4 Bc5 9. Nb3 Bb6 10. Nxd5 Be6 11. e4 Bg4 12. Qc2 Rc8 13. O-O Nb4 14.
Qd2 Nbxd5 15. h3 Bh5 16. e5 O-O 17. a4 a5 18. exf6 Nxf6 19. Qxd8 Rfxd8 20.
Bxb7 Rc2 21. Be3 Rb8 22. Bxb6 Rxb7 23. Rfc1 Rxc1+ 24. Rxc1 1/2-1/2

[Event "Coppa del Mondo FIDE 2025"]
[Site "Goa"]
[Date "13.11.2025"]
[Round "3F"]
[White "Lodici, Lorenzo"]
[Black "Sevian, Samuel"]
[Result "1-0"]
[WhiteElo "2560"]
[BlackElo "2698"]
[EventDate "2025.11.01"]
[EventType "k.o."]

1. e4 e5 2. Nf3 Nc6 3. Bc4 Bc5 4. d3 d6 5. h3 Na5 6. Nc3 Nf6 7. Bg5 h6 8.
Bxf6 Qxf6 9. Nd5 Qd8 10. b4 Nxc4 11. dxc4 Bb6 12. Qd3 Be6 13. O-O Bxd5 14.
cxd5 O-O 15. c4 Qe7 16. a3 a5 17. g3 Ra6 18. Kg2 Rfa8 19. c5 dxc5 20. b5 c4
21. Qxc4 R6a7 22. a4 Re8 23. Rfc1 Raa8 24. Qb3 Rad8 25. Rc4 Rd6 26. Rac1 f5
27. exf5 Qf7 28. Re4 Qxf5 29. Rce1 Rf8 30. Rxe5 Qf7 31. Re6 Kh8 32. R1e2
Qf5 33. Nh4 Rxe6 34. dxe6 Qf6 35. Qd3 Kg8 36. e7 Re8 37. Qd7 Qf7 38. Nf5
Bc5 39. Re5 b6 40. Qxc7 Kh7 41. Qc6 Qg6 42. Qe4 Kh8 43. Re6 Qf7 44. Ne3
Rxe7 45. Rxe7 Bxe7 46. Qf5 Qg8 47. Nd5 Bc5 48. h4 Qe8 49. Nf4 Qa8+ 50. Kh2
Qe8 51. h5 Qa8 52. Ng6+ Kg8 53. f3 Qd8 54. Kh3 Qe8 55. Kg4 Qd8 56. Qe6+ Kh7
57. Qf5 Kg8 58. Kh3 Qe8 59. Nf4 Kh8 60. Ne6 Be7 61. Qg6 Qg8 62. Nf4 Bc5 63.
Qf5 Qe8 64. Qe6 Qd8 65. Ng6+ Kh7 66. Ne5 Qd1 67. Qg6+ Kg8 68. Qe8+ Kh7 69.
Ng6 Qf1+ 70. Kg4 Qc4+ 71. f4 Qg8 72. Qxg8+ Kxg8 73. Kf5 Bf2 74. g4 Kf7 75.
Ke5 Bg3 76. Kd5 Kf6 77. Kc6 Bf2 78. Ne5 Be3 79. Nd7+ Ke6 80. f5+ Ke7 81.
Nxb6 1-0

[Event "Coppa del Mondo FIDE 2025"]
[Site "Goa"]
[Date "13.11.2025"]
[Round "3G"]
[White "Maghsoodloo, Parham"]
[Black "Wei, Yi"]
[Result "0-1"]
[WhiteElo "2697"]
[BlackElo "2754"]
[EventDate "2025.11.01"]
[EventType "k.o."]

1. d4 Nf6 2. c4 e6 3. Nc3 Bb4 4. e3 O-O 5. Bd3 d5 6. a3 Bxc3+ 7. bxc3 dxc4
8. Bxc4 c5 9. Nf3 Qc7 10. Be2 b6 11. Bb2 cxd4 12. cxd4 Ba6 13. Ne5 Bxe2 14.
Qxe2 Nfd7 15. Nd3 Nc6 16. O-O Rac8 17. Rad1 Na5 18. d5 e5 19. f4 Nc4 20.
fxe5 Nxb2 21. Qxb2 Qc4 22. Qd4 Qb3 23. Rb1 Qxa3 24. Ra1 Qb3 25. Rfb1 Qc2
26. Nb4 Qg6 27. Nc6 Rfe8 28. e4 Qg5 29. h4 Qg3 30. e6 fxe6 31. Rxa7 Rc7 32.
Rxc7 Qxc7 33. e5 Nc5 34. Rf1 Qd7 35. Nb4 exd5 36. Nxd5 Rd8 37. Rd1 Kh8 38.
Qc4 Qe6 39. Qd4 h6 40. h5 Qf7 41. g4 Qf3 42. Rd2 Qg3+ 43. Rg2 Qe1+ 44. Kh2
Ne6 45. Qxb6 Qxe5+ 46. Rg3 Rxd5 0-1

[Event "Coppa del Mondo FIDE 2025"]
[Site "Goa"]
[Date "13.11.2025"]
[Round "3G"]
[White "Lodici, Lorenzo"]
[Black "Sevian, Samuel"]
[Result "1-0"]
[WhiteElo "2560"]
[BlackElo "2698"]
[EventDate "2025.11.01"]
[EventType "k.o."]

1. e4 e5 2. Nf3 Nc6 3. Bc4 Bc5 4. d3 d6 5. a3 Nf6 6. h3 O-O 7. Nc3 h6 8. g4
Nh7 9. Na4 Nd4 10. Nxc5 dxc5 11. Nxd4 Qxd4 12. Be3 Qd6 13. h4 b5 14. Ba2 c4
15. dxc4 Qg6 16. f3 Ba6 17. cxb5 Bxb5 18. Qd5 Qa6 19. O-O-O Be2 20. Bc5
Bxd1 21. Bxf8 Rxf8 22. Qxd1 Qf6 23. Qe2 Rd8 24. c3 Nf8 25. h5 Nh7 26. Rd1
Rxd1+ 27. Kxd1 Ng5 28. Kc2 Nxf3 29. Bd5 Qf4 30. Kb3 Ng5 31. Kb4 Kh7 32. Ka5
Qf6 33. Qc4 Qb6+ 34. Ka4 Qxb2 35. Qxc7 Qc2+ 36. Ka5 Qf2 37. Ka6 Qe3 38. a4
g6 39. hxg6+ Kxg6 40. a5 Kg7 41. Qxe5+ Kh7 42. Qd4 Qf4 43. e5 Qf1+ 44. Kxa7
Qb5 45. Bc4 Qxa5+ 46. Kb7 Qa1 47. Bd3+ Kg8 48. Qd8+ Kg7 49. Qf6+ Kg8 50.
Qxh6 Qb2+ 51. Ka7 Qa3+ 52. Ba6 Qc5+ 53. Qb6 Qe7+ 54. Bb7 Qxe5 55. c4 Qa1+
56. Kb8 Qe5+ 57. Qc7 Qd4 58. Bd5 Qxg4 59. c5 Qb4+ 60. Kc8 Qd4 61. Qd8+ Kh7
62. Qd6 Kg7 63. c6 Ne6 64. Qg3+ Kf6 65. Bxe6 Kxe6 66. Qe1+ Kd6 67. Qe8 Qa4
68. Qd7+ Kc5 69. Qe7+ Kb6 70. Qe3+ Kb5 71. c7 Qa8+ 72. Kd7 Qc6+ 73. Kd8
Qd6+ 74. Kc8 Ka6 75. Qe2+ Ka7 76. Qa2+ Kb6 77. Qb3+ Ka6 78. Kb8 f5 79. Qb7+
Ka5 80. Ka8 1-0

[Event "Coppa del Mondo FIDE 2025"]
[Site "Goa"]
[Date "13.11.2025"]
[Round "3H"]
[White "Wei, Yi"]
[Black "Maghsoodloo, Parham"]
[Result "1-0"]
[WhiteElo "2754"]
[BlackElo "2697"]
[EventDate "2025.11.01"]
[EventType "k.o."]

1. e4 c5 2. Nf3 d6 3. d4 cxd4 4. Nxd4 Nf6 5. Nc3 a6 6. g3 e5 7. Nb3 h5 8.
Bg5 Be7 9. Qd2 Be6 10. Bxf6 Bxf6 11. O-O-O Bg5 12. f4 Bh6 13. Nc5 Qe7 14.
Qxd6 exf4 15. Kb1 Nc6 16. Qxe7+ Kxe7 17. Nd5+ Bxd5 18. exd5 b6 19. dxc6
bxc5 20. Rd7+ Kf6 21. Bc4 Rhf8 22. c7 g5 23. Rd6+ Kg7 24. Bxa6 g4 25. Rc6
Rxa6 26. Rxa6 f3 27. Rc6 Rc8 28. c3 f5 29. Kc2 Be3 30. Kd3 f4 31. Ke4 h4
32. gxf4 Re8+ 33. Kf5 g3 34. hxg3 1-0

[Event "Coppa del Mondo FIDE 2025"]
[Site "Goa"]
[Date "13.11.2025"]
[Round "3H"]
[White "Sevian, Samuel"]
[Black "Lodici, Lorenzo"]
[Result "1-0"]
[WhiteElo "2698"]
[BlackElo "2560"]
[EventDate "2025.11.01"]
[EventType "k.o."]

1. e4 e5 2. Nf3 Nc6 3. Bb5 a6 4. Ba4 Nf6 5. d3 b5 6. Bb3 Be7 7. a4 Rb8 8.
axb5 axb5 9. Nc3 d6 10. Nd5 Nxd5 11. Bxd5 Nb4 12. Bb3 c5 13. c3 Nc6 14. Bd5
Qc7 15. Be3 O-O 16. O-O Be6 17. Ra6 Bxd5 18. exd5 Nd8 19. Qa1 f5 20. Re1
Nf7 21. b4 cxb4 22. cxb4 Rfc8 23. Rc1 Qd7 24. h3 Bf6 25. Ra7 Qd8 26. Qb1 g5
27. Rc6 f4 28. Bd2 Ra8 29. Rxa8 Rxa8 30. Bc3 Rc8 31. Qa2 Ra8 32. Qc2 Qd7
33. Nd2 Qa7 34. Ne4 Be7 35. Bb2 Qa4 36. Qc3 Qd1+ 37. Kh2 h5 38. Rc7 Kf8 39.
Qc6 Re8 40. Qd7 g4 41. Nf6 g3+ 42. fxg3 fxg3+ 43. Kxg3 Qxd3+ 44. Kh2 1-0

[Event "Coppa del Mondo FIDE 2025"]
[Site "Goa"]
[Date "13.11.2025"]
[Round "3I"]
[White "Sevian, Samuel"]
[Black "Lodici, Lorenzo"]
[Result "1-0"]
[WhiteElo "2698"]
[BlackElo "2560"]
[EventDate "2025.11.01"]
[EventType "k.o."]

1. e4 e5 2. Nf3 Nc6 3. Bb5 a6 4. Ba4 Nf6 5. d3 d6 6. c3 g6 7. O-O Bg7 8. h3
O-O 9. Be3 Re8 10. Nbd2 b5 11. Bc2 d5 12. Re1 h6 13. Nb3 a5 14. a4 b4 15.
Qc1 Kh7 16. Nc5 Qd6 17. Bb3 Rb8 18. exd5 Nxd5 19. Ne4 Qd8 20. Bxd5 Qxd5 21.
Bxh6 Qxd3 22. cxb4 Nxb4 23. Bxg7 Kxg7 24. Qxc7 Na6 25. Qxa5 Rxb2 26. Rad1
Qc2 27. Rd2 Qb3 28. Nd6 Re6 29. Nxc8 Rxd2 30. Qxd2 Qb8 31. Rc1 1-0

[Event "Coppa del Mondo FIDE 2025"]
[Site "Goa"]
[Date "13.11.2025"]
[Round "3L"]
[White "Lodici, Lorenzo"]
[Black "Sevian, Samuel"]
[Result "1-0"]
[WhiteElo "2560"]
[BlackElo "2698"]
[EventDate "2025.11.01"]
[EventType "k.o."]

1. e4 e5 2. Nf3 Nc6 3. Bc4 Bc5 4. d3 d6 5. a3 Nf6 6. h3 a6 7. Nc3 Be6 8.
Be3 Bxe3 9. fxe3 O-O 10. Qe2 b5 11. Bxe6 fxe6 12. O-O-O d5 13. d4 Nxe4 14.
Nxe4 dxe4 15. Nxe5 Nxe5 16. dxe5 Qg5 17. Rd7 Qxe5 18. Rhd1 Rf6 19. Qg4 Rf5
20. R7d4 Raf8 21. Rxe4 Qf6 22. Kb1 h5 23. Qg3 Rd5 24. Red4 Qe5 25. Qg6 c6
26. g4 h4 27. Ka2 Rxd4 28. Rxd4 Qxe3 29. Re4 Qc5 30. Qxe6+ Rf7 31. Re5 Qxc2
32. Re4 Qc5 33. g5 Qd5+ 34. Qxd5 cxd5 35. Rxh4 Rf3 36. g6 Rg3 37. Rd4 Rxg6
38. Rxd5 Rh6 39. Rd3 Kf7 40. Kb3 Rh4 41. Rd7+ Ke6 42. Rxg7 Rxh3+ 43. Kb4
Rh4+ 44. Kc5 Rh2 45. b4 Rh3 46. Rg6+ Kd7 47. Rxa6 Rh5+ 48. Kb6 Kd6 49. Ra5
Rh8 50. Kxb5 Rb8+ 51. Kc4 Kc6 52. Ra6+ Kb7 53. Rf6 Ra8 54. Kb3 Re8 55. b5
Re4 56. a4 Re5 57. Kb4 Re4+ 58. Ka5 Re5 59. Rf7+ Kb8 60. Ka6 Re6+ 61. b6
Re8 62. a5 Ka8 63. Rf5 Kb8 64. Kb5 Ka8 65. a6 Kb8 66. Rc5 Re1 67. a7+ Kb7
68. Rc7+ Ka8 69. Rc8+ 1-0

[Event "Coppa del Mondo FIDE 2025"]
[Site "Goa"]
[Date "13.11.2025"]
[Round "3M"]
[White "Lodici, Lorenzo"]
[Black "Sevian, Samuel"]
[Result "0-1"]
[WhiteElo "2560"]
[BlackElo "2698"]
[EventDate "2025.11.01"]
[EventType "k.o."]

1. e4 e5 2. Nf3 Nc6 3. Bc4 Bc5 4. d3 d6 5. a4 Nf6 6. Be3 Bxe3 7. fxe3 Be6
8. Bxe6 fxe6 9. Qe2 d5 10. Nc3 O-O 11. O-O-O Qd6 12. Kb1 a6 13. g4 d4 14.
exd4 exd4 15. e5 Nxe5 16. Nxe5 dxc3 17. Nc4 Qc6 18. Rhe1 cxb2 19. Kxb2 Qxa4
20. Qxe6+ Kh8 21. g5 Qb5+ 22. Ka1 Qa4+ 23. Kb2 Qb5+ 24. Ka2 Rae8 25. Qh3
Qxg5 26. Rg1 Qb5 27. Qg3 Re7 28. Rde1 Qa4+ 29. Na3 Qd7 30. Ref1 b5 31. Rf4
Qe6+ 32. Kb1 Qd6 33. Kb2 Qe5+ 34. Kb1 Qd6 35. Kb2 Qe5+ 36. d4 Qd6 37. Qf2
Rfe8 38. Rf3 Re2 39. Qg3 Qxg3 40. hxg3 Kg8 41. Rc3 b4 0-1

[Event "Coppa del Mondo FIDE 2025"]
[Site "Goa"]
[Date "14.11.2025"]
[Round "4A"]
[White "Sindarov, Javokhir"]
[Black "Svane, Frederik"]
[Result "1-0"]
[WhiteElo "2721"]
[BlackElo "2638"]
[EventDate "2025.11.01"]
[EventType "k.o."]

1. e4 e5 2. Nf3 Nc6 3. Bc4 Nf6 4. d3 Bc5 5. c3 O-O 6. O-O d6 7. b4 Bb6 8.
a4 a5 9. b5 Ne7 10. Nbd2 Ng6 11. d4 Bg4 12. Qc2 Qd7 13. Re1 Rae8 14. Ba3
Nf4 15. Bf1 Bxf3 16. Nxf3 Qg4 17. Kh1 Nh3 18. Re3 Ng5 19. h3 Qh5 20. Nxg5
Qxg5 21. Rd1 Qg6 22. Bd3 Nh5 23. g3 Re7 24. Bb2 Rfe8 25. Rde1 Qf6 26. Kg2
Qe6 27. Rf3 Nf6 28. dxe5 Nd7 29. exd6 Qxd6 30. Rf4 Ne5 31. Rd1 Rd7 32. Be2
Qe7 33. Rxd7 Qxd7 34. Bc1 Qe6 35. h4 Ng6 36. Rf5 Qxe4+ 37. Qxe4 Rxe4 38.
Bf3 Re5 39. Rg5 h6 40. Rxe5 Nxe5 41. Be4 h5 42. f3 g6 43. Kf1 Nd7 44. g4
Nf6 45. Bxb7 hxg4 46. Bg5 Nd7 47. fxg4 Nc5 48. Bc6 Nxa4 49. Bf6 Bc5 50. Ke2
Nb6 51. Kd3 a4 52. c4 a3 53. Kc3 Bf8 54. Kb3 Bg7 55. Bd8 Be5 56. c5 Na4 57.
Be7 Kg7 58. Kxa3 Nb2 59. Kb3 f5 60. gxf5 gxf5 61. b6 cxb6 62. cxb6 Nd3 63.
Kc4 Nf4 64. Bd7 Ng2 65. Kd5 Bg3 66. Bxf5 Nxh4 67. Be4 Ng6 68. Bxg6 1-0

[Event "Coppa del Mondo FIDE 2025"]
[Site "Goa"]
[Date "14.11.2025"]
[Round "4A"]
[White "Erigaisi, Arjun"]
[Black "Aronian, Levon"]
[Result "1/2-1/2"]
[WhiteElo "2773"]
[BlackElo "2722"]
[EventDate "2025.11.01"]
[EventType "k.o."]

1. d4 d5 2. c4 e6 3. Nf3 Nd7 4. Nc3 Ngf6 5. Qc2 dxc4 6. e4 Nb6 7. a4 a5 8.
Be2 Bb4 9. O-O O-O 10. Be3 Bd7 11. Ne5 Qe8 12. Nxc4 Nxc4 13. Bxc4 e5 14. f3
exd4 15. Bxd4 Be6 16. Bd3 Rd8 17. Bxf6 gxf6 18. f4 Qc6 19. e5 fxe5 20.
Bxh7+ Kh8 21. Bf5 Rg8 22. Bxe6 Qxe6 23. Rae1 Qg6 24. Qxg6 Rxg6 25. Rxe5
Bxc3 26. bxc3 Rd2 27. g3 Rh6 28. h4 Rc6 29. Rxa5 Rxc3 30. Rh5+ Kg7 31. Rg5+
Kh7 32. Rf2 Rdd3 33. Kg2 f6 34. Rg4 Rc4 35. Re2 Rd7 36. Re6 Rd2+ 37. Kf3
Rd3+ 38. Ke2 Ra3 39. Re7+ Kh8 40. Re8+ Kh7 41. Re7+ Kh8 1/2-1/2

[Event "Coppa del Mondo FIDE 2025"]
[Site "Goa"]
[Date "14.11.2025"]
[Round "4A"]
[White "Shankland, Sam"]
[Black "Dubov, Daniil"]
[Result "1/2-1/2"]
[WhiteElo "2654"]
[BlackElo "2684"]
[EventDate "2025.11.01"]
[EventType "k.o."]

1. e4 e5 2. Nf3 Nc6 3. Bb5 a6 4. Ba4 Nf6 5. O-O Be7 6. Re1 b5 7. Bb3 O-O 8.
a4 Bb7 9. d3 d6 10. Na3 Qd7 11. c4 Na5 12. axb5 Nxb3 13. Qxb3 axb5 14. cxb5
d5 15. Nxe5 Qe6 16. Nf3 dxe4 17. Qxe6 fxe6 18. dxe4 Nxe4 19. Be3 Bd5 20.
Rac1 Bb4 21. Rxc7 Bxe1 22. Nxe1 Rf7 23. b6 Nd6 24. Nd3 Rxc7 25. bxc7 Nc4
26. Nxc4 Bxc4 27. Ne1 e5 28. h4 Kf7 29. Nf3 Ke6 30. b4 Kd6 31. Bb6 Bd5 32.
Ne1 Be4 33. Ba5 Kd7 34. Kf1 Ra6 35. Ke2 Rc6 36. Kd2 Kc8 37. g4 Rc4 38. f3
Bb1 39. h5 Kb7 40. Ke3 Rc3+ 41. Kf2 e4 42. f4 Ba2 43. f5 Bc4 44. Bb6 Bd5
45. Bd4 e3+ 46. Bxe3 Rc4 47. Kg3 Kxc7 48. b5 Kd6 49. b6 Rc3 50. Kf4 Rc4+
51. Kg5 h6+ 52. Kh4 Be4 53. Kg3 Rb4 54. Nf3 Bxf3 55. Kxf3 Ke5 56. Bd2 Rb3+
57. Be3 1/2-1/2

[Event "Coppa del Mondo FIDE 2025"]
[Site "Goa"]
[Date "14.11.2025"]
[Round "4A"]
[White "Donchenko, Alexander"]
[Black "Le, Quang Liem"]
[Result "1/2-1/2"]
[WhiteElo "2641"]
[BlackElo "2729"]
[EventDate "2025.11.01"]
[EventType "k.o."]

1. c4 c5 2. Nf3 Nc6 3. Nc3 Nf6 4. d4 cxd4 5. Nxd4 e6 6. a3 Bc5 7. Nb3 Bb6
8. c5 Bc7 9. g3 O-O 10. Bg2 b6 11. O-O Ba6 12. Bg5 Be5 13. Ne4 h6 14. Nxf6+
Bxf6 15. Bxf6 Qxf6 16. Qxd7 Ne5 17. Qd2 Rac8 18. Qc2 bxc5 19. Nd2 Nc6 20.
Bxc6 Rxc6 21. Ne4 Qf5 22. Rac1 Rfc8 23. Rfd1 Rb6 24. Rd7 c4 25. Rxa7 Qe5
26. Nc3 Qb8 27. Rd7 Rxb2 28. Qe4 Rb3 29. a4 Bb7 30. Qf4 Qxf4 31. gxf4
1/2-1/2

[Event "Coppa del Mondo FIDE 2025"]
[Site "Goa"]
[Date "14.11.2025"]
[Round "4A"]
[White "Sargissian, Gabriel"]
[Black "Yakubboev, Nodirbek"]
[Result "1/2-1/2"]
[WhiteElo "2624"]
[BlackElo "2689"]
[EventDate "2025.11.01"]
[EventType "k.o."]

1. d4 Nf6 2. Nf3 d5 3. c4 e6 4. g3 dxc4 5. Bg2 Bb4+ 6. Bd2 c5 7. a3 Bxd2+
8. Nbxd2 cxd4 9. Nxc4 Nc6 10. O-O O-O 11. Rc1 a5 12. Qd2 d3 13. Qxd3 Qxd3
14. exd3 Ra6 15. d4 Nd5 16. Rfd1 f6 17. Ne3 Rd8 18. Ne1 Nde7 19. d5 exd5
20. Nxd5 Nxd5 21. Rxd5 Rxd5 22. Bxd5+ Kf8 23. Nd3 Rb6 24. b4 axb4 25. Nxb4
Bd7 26. Nxc6 Bxc6 27. Bxc6 bxc6 28. Re1 c5 29. a4 c4 30. a5 Ra6 31. Rc1
Rxa5 32. Rxc4 1/2-1/2

[Event "Coppa del Mondo FIDE 2025"]
[Site "Goa"]
[Date "14.11.2025"]
[Round "4A"]
[White "Esipenko, Andrey"]
[Black "Grebnev, Aleksey"]
[Result "1/2-1/2"]
[WhiteElo "2693"]
[BlackElo "2611"]
[EventDate "2025.11.01"]
[EventType "k.o."]

1. e4 e5 2. Nf3 Nf6 3. Nxe5 d6 4. Nf3 Nxe4 5. Nc3 Nf6 6. d4 Be7 7. h3 O-O
8. Bd3 Re8 9. O-O h6 10. Re1 Bf8 11. Rxe8 Qxe8 12. Nb5 Na6 13. c4 c6 14.
Nc3 Be6 15. a3 Qd7 16. Qc2 Nc7 17. Bf4 Re8 18. Bh2 a6 19. Rd1 Qc8 20. Ne2
Bd7 21. Ng3 Qd8 22. Nf1 Ne6 23. h4 Nc7 24. Bf4 Nh5 25. Be3 Qf6 26. N1h2 Nf4
27. Bf1 Ng6 28. g3 Bf5 29. Bd3 Ne7 30. Bf4 Ne6 31. Bxd6 1/2-1/2

[Event "Coppa del Mondo FIDE 2025"]
[Site "Goa"]
[Date "14.11.2025"]
[Round "4A"]
[White "Sevian, Samuel"]
[Black "Wei, Yi"]
[Result "1/2-1/2"]
[WhiteElo "2698"]
[BlackElo "2754"]
[EventDate "2025.11.01"]
[EventType "k.o."]

1. e4 e5 2. Nf3 Nf6 3. Nxe5 d6 4. Nf3 Nxe4 5. Bd3 Nf6 6. O-O Be7 7. c3 d5
8. h3 c5 9. Bc2 d4 10. cxd4 cxd4 11. Ba4+ Nc6 12. d3 O-O 13. Bg5 Nd5 14.
Bxc6 bxc6 15. Bxe7 Qxe7 16. Re1 Qf6 17. Nbd2 Nf4 18. Ne4 Qg6 19. Ng3 Qxd3
20. Nxd4 c5 21. Nde2 Nxe2+ 22. Rxe2 Qxd1+ 23. Rxd1 Be6 24. a3 Rfd8 25. Red2
Rxd2 26. Rxd2 Kf8 27. Ne4 c4 28. f3 Bf5 29. Rd4 Bxe4 30. Rxe4 Rc8 31. h4 h5
32. Kh2 a6 33. Kg3 c3 34. bxc3 Rxc3 35. Ra4 Rc6 36. Kf4 Ke7 37. g4 hxg4 38.
fxg4 g6 39. Kg5 Kf8 40. Kh6 a5 41. Rxa5 Rc4 42. Ra8+ Ke7 43. g5 Rxh4+ 44.
Kg7 Rg4 45. Ra5 Ke6 46. Ra6+ Ke7 47. Ra5 Ke6 48. a4 Rh4 49. Ra6+ Kf5 50.
Ra5+ Ke6 51. Ra6+ Kf5 52. Kxf7 Kxg5 53. Rxg6+ Kf5 54. a5 Rh7+ 55. Rg7 Rh6
56. Rg1 Ra6 57. Rh1 Ke4 58. Rh5 Kd4 59. Ke7 Kc4 60. Kd7 Kb4 1/2-1/2

[Event "Coppa del Mondo FIDE 2025"]
[Site "Goa"]
[Date "14.11.2025"]
[Round "4A"]
[White "Martinez Alcantara, Jose Eduardo"]
[Black "Harikrishna, Pentala"]
[Result "1/2-1/2"]
[WhiteElo "2644"]
[BlackElo "2697"]
[EventDate "2025.11.01"]
[EventType "k.o."]

1. e4 e5 2. Nf3 Nc6 3. Bc4 Nf6 4. Ng5 d5 5. exd5 Na5 6. Bb5+ c6 7. dxc6
bxc6 8. Bd3 Nd5 9. Nf3 Bd6 10. O-O Nf4 11. Re1 Nxd3 12. cxd3 O-O 13. Nc3
Re8 14. b3 c5 15. Ba3 Nc6 16. Ne4 Bf8 17. Rc1 Nb4 18. Bxb4 cxb4 19. Nc5 Qd5
20. d4 Bg4 21. h3 Bxf3 22. Qxf3 Qxf3 23. gxf3 exd4 24. Rxe8 Rxe8 25. Nd3 g6
26. f4 Re6 27. Rc4 Ra6 28. Nxb4 Bxb4 29. Rxb4 Rxa2 30. Rxd4 Ra3 31. Rd3 Kg7
32. Kg2 a5 33. Rc3 Ra2 34. Rc5 Ra3 35. Rb5 a4 36. bxa4 Rxa4 37. f5 g5 38.
Rd5 Rf4 39. Kg3 Kf6 40. Rd6+ Kxf5 41. Rh6 Rd4 1/2-1/2

[Event "Coppa del Mondo FIDE 2025"]
[Site "Goa"]
[Date "15.11.2025"]
[Round "4B"]
[White "Svane, Frederik"]
[Black "Sindarov, Javokhir"]
[Result "1/2-1/2"]
[WhiteTitle "GM"]
[BlackTitle "GM"]
[WhiteElo "2640"]
[BlackElo "2721"]
[WhiteFideId "12923044"]
[BlackFideId "14205483"]
[EventDate "2025.11.01"]
[EventType "k.o."]

1. e4 e5 2. Nf3 Nc6 3. Bb5 a6 4. Ba4 Nf6 5. O-O Nxe4 6. d4 b5 7. Bb3 d5 8. dxe5
Be6 9. c3 Be7 10. Nbd2 Nc5 11. Bc2 d4 12. Nb3 dxc3 13. Nxc5 Bxc5 14. Be4 Qd7 15.
Bg5 h6 16. Qc2 hxg5 17. Rad1 Nb4 18. Qxc3 Bxf2+ 19. Kxf2 Nd5 20. Qc5 c6 21. Nxg5
Rh5 22. Nf3 Qa7 23. Qxa7 Rxa7 24. Rd4 Ne7 25. Rfd1 Rd7 26. Rxd7 Bxd7 27. Rc1 Kd8
28. Rc5 Rh8 29. Kg3 Kc7 30. Rc2 f5 31. exf6 gxf6 32. Nd4 Kd6 33. Rd2 Nd5 34.
Bxd5 cxd5 35. h3 b4 36. Rd3 Ke5 37. Nf3+ Ke4 38. Rd4+ Ke3 39. Rxd5 Bc8 40. Rc5
Rg8+ 41. Kh2 Bb7 42. Nh4 Be4 43. g4 Rd8 44. Kg3 Rd2 45. Nf5+ Kd3 46. Ra5 Rxb2
47. Rxa6 1/2-1/2

[Event "Coppa del Mondo FIDE 2025"]
[Site "Goa"]
[Date "15.11.2025"]
[Round "4B"]
[White "Aronian, Levon"]
[Black "Erigaisi, Arjun"]
[Result "0-1"]
[WhiteTitle "GM"]
[BlackTitle "GM"]
[WhiteElo "2728"]
[BlackElo "2769"]
[WhiteFideId "13300474"]
[BlackFideId "35009192"]
[EventDate "2025.11.01"]
[EventType "k.o."]

1. e4 e5 2. Nf3 Nc6 3. Bc4 Bc5 4. c3 Nf6 5. d3 a5 6. O-O d6 7. Re1 O-O 8. Nbd2
Be6 9. Bb5 Ba7 10. Nf1 Ne7 11. d4 Ng6 12. Ng3 c6 13. Bf1 Bg4 14. Be3 exd4 15.
cxd4 d5 16. e5 Ne8 17. Be2 f6 18. exf6 Nxf6 19. Qb3 Bxf3 20. Bxf3 Qd7 21. Rad1
h6 22. Be2 Rae8 23. Bd3 Nh4 24. f3 Nh7 25. Bb1 Ng5 26. Qc2 g6 27. Kh1 Qf7 28.
Qf2 Bb8 29. Nf1 Nf5 30. Bd2 Bc7 31. Ne3 Nxe3 32. Bxe3 Kg7 33. Qf1 Re6 34. Bg1
Rfe8 35. Rxe6 Rxe6 36. a3 h5 37. Qf2 Qf4 38. Re1 Nh3 0-1

[Event "Coppa del Mondo FIDE 2025"]
[Site "Goa"]
[Date "15.11.2025"]
[Round "4B"]
[White "Dubov, Daniil"]
[Black "Shankland, Sam"]
[Result "1/2-1/2"]
[WhiteTitle "GM"]
[BlackTitle "GM"]
[WhiteElo "2674"]
[BlackElo "2649"]
[WhiteFideId "24126055"]
[BlackFideId "2004887"]
[EventDate "2025.11.01"]
[EventType "k.o."]

1. d4 Nf6 2. c4 g6 3. Nc3 d5 4. Nf3 Bg7 5. cxd5 Nxd5 6. e4 Nxc3 7. bxc3 c5 8.
Bb5+ Nc6 9. O-O O-O 10. Bxc6 bxc6 11. Qc2 cxd4 12. cxd4 Bg4 13. Ne5 Qxd4 14. Bb2
Qb6 15. Rab1 Bxe5 16. Bxe5 Qa5 17. Bc3 Qc5 18. Qb2 a5 19. Rfc1 Qd6 20. Be5 Qd7
21. Bf4 Rfd8 22. h3 Be6 23. Qa3 Qd3 24. Qxe7 Qxe4 25. Bh6 Bd5 26. Qxe4 Bxe4 27.
Rb7 a4 28. a3 Bd5 29. Re7 Re8 30. Rce1 Rxe7 31. Rxe7 Rc8 32. Ra7 Bb3 33. Bf4 c5
34. Rc7 Rxc7 35. Bxc7 f6 36. Bb6 c4 37. Bd4 Kf7 38. f3 g5 39. Kf2 Ke6 40. g3 h5
41. h4 Kf5 42. Ke3 Bd1 43. f4 gxh4 1/2-1/2